| 000 | 01692nam a2200421 c 4500 | ||
|---|---|---|---|
| 003 | BLK | ||
| 005 | 20240219115905.0 | ||
| 008 | 180409b bul|||||r ||||||| ||bul|| | ||
| 010 | _aKNG00116800000 | ||
| 020 |
_a954-320-015-7 _bиздат.: Рива |
||
| 040 | _aBLK | ||
| 041 |
_aBUL _cBUL |
||
| 080 |
_aКраезнание _b908 _x(569.4-21) _z908(569.4-21) |
||
| 080 |
_aИстория на Израел _b956.94 _x _z956.94 |
||
| 100 | 1 |
_aПитърс, Франсис Е. _eпърви автор _9284034 |
|
| 139 |
_aПитърс, Франсис Е. _bП 56 |
||
| 245 | 1 | 0 |
_aЙерусалим _bСвещеният град през погледа на летописци, посетители, поклонници и пророци от дните на Авраам до началото на съвременната епоха _cФрансис Е. Питърс; прев. Любомир Николов. |
| 257 | _aUSA | ||
| 260 |
_аСофия _bРива _c2004 _fВ. Търново : Абагар |
||
| 300 |
_a704 с. _bсъс сн. _c24 см |
||
| 380 | _a9 | ||
| 500 | _aБиблиогр. с. 678-704 | ||
| 504 | _a678-704 | ||
| 650 | 4 |
_aЙерусалим _9158012 |
|
| 650 | 4 |
_aГрадове - Израел _9290873 |
|
| 650 | 4 |
_aИзраел - история _9245386 |
|
| 653 | _aЙерусалим | ||
| 653 | _aградове | ||
| 653 | _aистория | ||
| 653 | _aИзраел | ||
| 700 |
_aНиколов, Любомир Славов, 1950 - _9242031 |
||
| 852 | _aЦб 222130 | ||
| 856 | 4 |
_qpdf _u |
|
| 856 | 4 |
_qpdf _u |
|
| 942 |
_cKNG _n0 _08 |
||
| 944 |
_aCR _c03.01.2005 _k30529 _lДиана Гривева |
||
| 944 |
_aED _c15.06.2010 _k |
||
| 999 |
_c111455 _d111455 |
||